Alle Gemarkungen im Kreis Steinfurt - Statistiken

Allgemein
  • Dieses Quiz wurde 29 mal gespielt
  • Das Durchschnittsergebnis liegt bei 18 aus 39
Antwortstatistiken
Stadt/Gemeinde Gemarkung % Korrekt
Ibbenbüren Ibbenbüren
79%
Steinfurt Burgsteinfurt
74%
Hörstel Hörstel
74%
Ochtrup Ochtrup
68%
Recke Recke
68%
Westerkappeln Westerkappeln
63%
Wettringen Wettringen
63%
Altenberge Altenberge
58%
Steinfurt Borghorst
58%
Emsdetten Emsdetten
58%
Greven Greven
58%
Ladbergen Ladbergen
58%
Laer Laer
58%
Saerbeck Saerbeck
58%
Hopsten Hopsten
53%
Horstmar Horstmar
53%
Lengerich Lengerich
53%
Lienen Lienen
53%
Lotte Lotte
53%
Neuenkirchen Neuenkirchen
53%
Rheine Rheine Mesum
53%
Hörstel Bevergern
47%
Metelen Metelen
47%
Mettingen Mettingen
47%
Nordwalde Nordwalde
47%
Rheine Rheine Elte
47%
Hörstel Riesenbeck
47%
Tecklenburg Tecklenburg
47%
Hörstel Dreierwalde
42%
Tecklenburg Brochterbeck
32%
Hopsten Schale
32%
Greven Gimbte
26%
Tecklenburg Ledde
26%
Tecklenburg Leeden
26%
Hopsten Halverde
21%
Rheine Rheine Stadt
16%
Lotte Wersen
16%
Rheine Rheine links der Ems
5%
Rheine Rheine rechts der Ems
5%
Keine übereinstimmenden Quizze gefunden
Verteilung der Resultate
Anzahl Personen mit jedem Resultat
Perzentil nach korrekt beantworteten Fragen
Ihre Resultats-Entwicklung
Sie haben dieses Quiz noch nicht gespielt